| 000 | 00865nam a2200241Ia 4500 | ||
|---|---|---|---|
| 003 | OSt | ||
| 005 | 20221002050134.0 | ||
| 006 | a|||||r|||| 00| 0 | ||
| 007 | ta | ||
| 008 | 220930b |||||||| |||| 00| 0 hin d | ||
| 020 |
_a9788186304938 (hbk) _c4200 |
||
| 024 | _a104907 | ||
| 037 |
_b1464, 17/03/2011, Kiran Book Service _cReference Collections |
||
| 040 |
_aCRL _cCRL _bhin |
||
| 041 |
_2hin _ahin |
||
| 082 | _aO152,1M89x, Q0.1-.6(RR) | ||
| 100 | _aजयशंकर प्रसाद | ||
| 245 | 0 | _aप्रसाद रचनावली | |
| 260 |
_aदिल्ली _b भारत पुस्तक भण्डार _c2010 |
||
| 490 | _vभाग 1 | ||
| 942 |
_hO152,1M89x, Q0.1-.6(RR) _cref _2CC |
||
| 999 |
_c913967 _d913967 |
||